Normal view
MARC view
- Marine insurance
Entry Topical Term
001 - CONTROL NUMBER
- control field: 128432
003 - CONTROL NUMBER IDENTIFIER
- control field: NUST
005 - DATE AND TIME OF LATEST TRANSACTION
- control field: 20250318112631.0
008 - FIXED-LENGTH DATA ELEMENTS
- fixed length control field: 250318|| aca||aabn | a|a d
040 ## - CATALOGING SOURCE
- Original cataloging agency: NUST
- Transcribing agency: NUST
150 ## - HEADING--TOPICAL TERM
- Topical term or geographic name entry element: Marine insurance
- General subdivision: Law and legislation
- Geographic subdivision: England
670 ## - SOURCE DATA FOUND
- Source citation: Work cat.: (NUST)0: Gürses, Özlem, author. 128431, Marine insurance law /
